书目信息 |
| 题名: |
谁还在背单词
|
|
| 作者: | 柳得 , 张芝花 , 郅红 主编 | |
| 分册: | CET-6词汇 | |
| 出版信息: | 北京 机械工业出版社 2010.03 |
|
| 页数: | 354页 | |
| 开本: | 24cm | |
| 丛书名: | ||
| 单 册: | ||
| 中图分类: | H313.1 | |
| 科图分类: | ||
| 主题词: | 英语--ying yu--词汇--高等学校--自学参考资料 | |
| 电子资源: | ||
| ISBN: | 978-7-111-30114-1 | |
| 000 | 00992nam0 2200277 450 | |
| 001 | B00000052722 | |
| 005 | 20110715084646.98 | |
| 010 | @a978-7-111-30114-1@dCNY29.80 | |
| 100 | @a20100705d2010 em y0chiy50 ea | |
| 101 | 0 | @achi@aeng |
| 102 | @aCN@b110000 | |
| 105 | @aa z 000yy | |
| 106 | @ar | |
| 200 | 1 | @a谁还在背单词@Ashui hai zai bei dan ci@iCET-6词汇@f郅红 ... [等] 主编 |
| 210 | @a北京@c机械工业出版社@d2010.03 | |
| 215 | @a354页@d24cm | |
| 304 | @a其它责任者还有:柳得,张芝花,任莉 | |
| 330 | @a本书对CET-6词汇要求的所有单词进行了电脑分频,将其中出现频率较高的以及平时使用较多的词汇甄选出来。每个词条不仅包含了英文释义、中文释义、搭配、例句、近义词、词汇辨析、派生词等诸多信息,还对近义词给出了语境例句。 | |
| 586 | @a | |
| 606 | 0 | @a英语@Aying yu@x词汇@x高等学校@j自学参考资料 |
| 690 | @aH313.1@v5 | |
| 701 | 0 | @a柳得@Aliu de@4主编 |
| 701 | 0 | @a张芝花@Azhang zhi hua@4主编 |
| 701 | 0 | @a郅红@Azhi hong@4主编 |
| 801 | 0 | @aCN@c20110610 |
| 905 | @dH313.1@eZ485@f3 | |
| 谁还在背单词.CET-6词汇/郅红 ... [等] 主编.-北京:机械工业出版社,2010.03 |
| 354页;24cm |
| ISBN 978-7-111-30114-1:CNY29.80 |
| 本书对CET-6词汇要求的所有单词进行了电脑分频,将其中出现频率较高的以及平时使用较多的词汇甄选出来。每个词条不仅包含了英文释义、中文释义、搭配、例句、近义词、词汇辨析、派生词等诸多信息,还对近义词给出了语境例句。 |
| ● |
| 相关链接 |
|
|
|
正题名:谁还在背单词
索取号:H313.1/Z485
 
预约/预借
| 序号 | 登录号 | 条形码 | 馆藏地/架位号 | 状态 | 备注 |
| 1 | 883824 | 208838249 | 语言库209/209语言库 33排6列5层/ [索取号:H313.1/Z485] | 在馆 | |
| 2 | 883825 | 208838258 | 语言库209/209语言库 33排6列5层/ [索取号:H313.1/Z485] | 在馆 | |
| 3 | 883826 | 208838267 | 语言库209/209语言库 33排6列5层/ [索取号:H313.1/Z485] | 在馆 |